Natural rubber nanocomposites from pristine and organically modified layered silicates by melt interaction process (Record no. 52624)

MARC details
000 -LEADER
fixed length control field 00675nam a2200169Ia 4500
100 ## - MAIN ENTRY--AUTHOR NAME
Personal name Madhusoodanan K.N.
245 #0 - TITLE STATEMENT
Title Natural rubber nanocomposites from pristine and organically modified layered silicates by melt interaction process
260 ## - PUBLICATION, DISTRIBUTION, ETC. (IMPRINT)
Name of publisher In: Preprints of Papers. International Natural Rubber Conference, India 2005, 6-8 November 2005, Rubber Research Institute of India, Kottayam, Kerala, India, pp. 389-397.
Year of publication 2005
650 ## - SUBJECT ADDED ENTRY--TOPICAL TERM
Topical Term Cure characteristics
650 ## - SUBJECT ADDED ENTRY--TOPICAL TERM
Topical Term Intercalation
650 ## - SUBJECT ADDED ENTRY--TOPICAL TERM
Topical Term Layered silicate
650 ## - SUBJECT ADDED ENTRY--TOPICAL TERM
Topical Term Nanocomposite
650 ## - SUBJECT ADDED ENTRY--TOPICAL TERM
Topical Term Natural rubber
700 ## - ADDED ENTRY--PERSONAL NAME
Personal name Varghese S.
942 ## - ADDED ENTRY ELEMENTS (KOHA)
Koha item type Bibliography STAF
Holdings
Withdrawn status Lost status Damaged status Not for loan Home library Current library Date acquired Koha item type
      Bibliography RRII Library RRII Library 09/04/2014 Bibliography STAF